00610nam a2200193Ia 450000500170000000800410001702000240005804000190008204100120010108200190011310000260013224500570015826000320021530000230024750400500027060000270032065000590034785000100040620221117101505.0131103s9999 xx 000 0 und d a8187169052cRs. 250 aLoreto College aEnglish a821.7bKEA-CHA aChatterjee, Bhabatosh aJohn KeatsbHis mind and work cBhabatosh Chatterjee aCalcuttabSarat Book c2001 axvi,488 p. b24 cm aIncludes bibliographical references and index aKeats, Johnd1795-1821 aPoetry in EnglishvHistory and criticismy19th Century aLCLIB